Diary of an enlisted man /

Bibliographic Details
Main Author: Van Alstyne, Lawrence, 1839-1923
Format: Book
Language:English
Published: New Haven, Conn. : The Tuttle, Morehouse & Taylor company, 1910.
Subjects:

MARC

Tag First Indicator Second Indicator Subfields
LEADER 00000cam a2200000 4500
001 in00000262113
005 20151010052218.0
008 790724s1910 ctuc 00010aeng d
010 |a  10026176  
035 |a (OCoLC)05203861 
035 |9 ABB9501AM 
040 |a TXA  |c TXA  |d UtOrBLW 
049 |a TXAM  |c [531391] 
090 |a E601  |b .V21 
100 1 |a Van Alstyne, Lawrence,  |d 1839-1923. 
245 1 0 |a Diary of an enlisted man /  |c by Lawrence Van Alstyne. 
264 1 |a New Haven, Conn. :  |b The Tuttle, Morehouse & Taylor company,  |c 1910. 
300 |a x, 348 pages :  |b frontispiece (portrait) 
336 |a text  |b txt  |2 rdacontent 
337 |a unmediated  |b n  |2 rdamedia 
338 |a volume  |b nc  |2 rdacarrier 
500 |a Writer served in 128th New York and 90th U.S. colored infantry. 
610 2 0 |a New York Infantry.  |b 128th Regt., 1862-1865. 
610 2 0 |a United States.  |b Army.  |b Infantry.  |b Regiment, 90th, (Colored), 1863-1865. 
651 0 |a United States  |x History  |y Civil War, 1861-1865  |v Personal narratives. 
999 |a MARS 
999 f f |s 1f00e604-0818-323a-83d8-63683807aa7c  |i d48fcbfd-1ea2-3888-a779-4893ed7381f0  |t 0 
952 f f |p normal  |a Texas A&M University  |b College Station  |c Sterling C. Evans Library  |d Evans: Library Stacks  |t 0  |e E601 .V21  |h Library of Congress classification  |i unmediated -- volume  |m A14802234759 
998 f f |a E601 .V21  |t 0  |l Evans: Library Stacks